ბათუმის შოთა რუსთაველის სახელმწიფო უნივერსიტეტის ბიბლიოთეკა

რელიგიური რეპრესიები საბჭოთა საქართველოში = Religious repressions in Sovuet Georgia : (ბიბ.ჩანაწერი № 63506)

000 -ლიდერი
ფიქსირებული სიგრძის საკონტროლო ველი 02080nam a22002417a 4500
003 - საკონტროლო ნომრის იდენტიფიკატორი
საკონტროლო ველი Ge_BSU
005 - ბოლო ოპერაციის თარიღი და დრო
საკონტროლო ველი 20251020195806.0
008 - ფიქსირებული სიგრძის მონაცემთა ელემენტები - ზოგადი ინფორმაცია
ფიქსირებული სიგრძის საკონტროლო ველი 251020s2025 ge ||||| |||| 00| 0 geo d
020 ## - წიგნის საერთაშორისო სტანდარტული ნომერი
International Standard Book Number 9789941874888
041 ## - ენის კოდი
Language code of text/sound track or separate title geo
080 ## - უნივერსალური ათობითი კლასიფიკაციის ინდექსი
Universal Decimal Classification number 321.64(479.22) :343.342.3(479.22) რ-40
245 ## - ცნობა სათაურის შესახებ
Title რელიგიური რეპრესიები საბჭოთა საქართველოში = Religious repressions in Sovuet Georgia :
Remainder of title (შსს არქივის მონაცემების მიხედვით) /
Statement of responsibility, etc პროექტის ხელმძღვანელი ზვიად ტყაბლაძე; პროექტის კოორდინატორი გიორგი პატაშური; მკვლევარები: ზაზა ვაშაყმაძე, სერგო ფარულავა, აბესალომ ასლანიძე, მარინე მაზმიშვილი, დავით დავითაშვილი, ბადრი ჩერქეზიშვილი, ლალი ეხვაია.
264 ## - წარმოების, გამოცემის, დისტრიბუციის და სხვა ცნობები
გამოცემის, წარმოების, დისტრიბუციის... ადგილი თბილისი,
გამოცემის, წარმოების, დისტრიბუციის... თარიღი 2025.
300 ## - ფიზიკური აღწერა
Extent 752 გვ. ;
Other physical details 30 სმ.
500 ## - ზოგადი შენიშვნა
General note რეპრესირებულ პირთა საძიებელი: გვ. 740-749.
501 ## - შენიშვნა თანმხლებ მასალაზე
With note პროექტი განხორციელდა საქართველოს შოთა რუსთაველის ეროვნული სამეცნიერო ფონდის ფინანსური მხარდაჭერით.
504 ## - BIBLIOGRAPHY, ETC. NOTE
Bibliography, etc ბიბლიოგრაფია: გვ. 750-752.
653 ## - INDEX TERM--UNCONTROLLED
Uncontrolled term რეპრესიები
653 ## - INDEX TERM--UNCONTROLLED
Uncontrolled term რელიგიური დევნა
700 ## - ADDED ENTRY--PERSONAL NAME
Personal name ტყაბლაძე,ზვიად
Relator term პროექტის ხელმძღვანელი
9 (RLIN) 26082
700 ## - ADDED ENTRY--PERSONAL NAME
Personal name პატაშური, გიორგი
Relator term პროექტის კოორდინატორი
9 (RLIN) 26083
942 ## - ADDED ENTRY ELEMENTS (KOHA)
Source of classification or shelving scheme
Koha item type წიგნი
ეგზემპლარები
ჩამოწერის სტატუსი დაკარგული ეგზემპლარის სტატუსი კლასიფიკაციის წყარო ან თაროზე გაწყობის სქემა დაზიანების სტატუსი არ გაიცემა მუდმივი მდებარეობა (დაცვის ადგილი) ამჟამინდელი ადგილსამყოფელი თაროზე განთავსების ადგილი შეძენის თარიღი ღირებულება, შესყიდვის ნორმალური ფასი სრული შენახვის შიფრი შტრიხკოდი ბოლო ოპერაციის თარიღი ეგზემპლარის მიმდევრობითი ნომერი (კეტერი?) Uniform Resource Identifier ფასის ძალაში შესვლის თარიღი ეგზემპლარის სახეობა საჯარო შენიშვნა
          ბათუმის შოთა რუსთაველის სახელმწიფო უნივერსიტეტის მთავარი ბიბლიოთეკა ბათუმის შოთა რუსთაველის სახელმწიფო უნივერსიტეტის მთავარი ბიბლიოთეკა წიგნსაცავი 2025-10-20 30.00 321.64(479.22) :343.342.3(479.22) რ-40 72750 2025-10-20 72750 ნაჩუქარი 2025-10-20 წიგნი 30 ლ.